书目信息 |
| 题名: |
致密砂岩储层描述与地质建模技术
|
|
| 作者: | 张云峰 著 | |
| 分册: | ||
| 出版信息: | 北京 科学出版社 2020.05 |
|
| 页数: | 219页 | |
| 开本: | 26cm | |
| 丛书名: | 非常规油气开发地质建模与数值模拟丛书 | |
| 单 册: | ||
| 中图分类: | P588.21 | |
| 科图分类: | ||
| 主题词: | 致密砂岩--zhi mi sha yan--砂岩储集层--地质模型 | |
| 电子资源: | ||
| ISBN: | 978-7-03-051180-5 | |
| 000 | 01374nam 2200265 450 | |
| 001 | 0109110138 | |
| 005 | 20201109110336.0 | |
| 010 | @a978-7-03-051180-5@b精装@dCNY198.00 | |
| 100 | @a20200928d2020 em y0chiy50 ea | |
| 101 | 0 | @achi |
| 102 | @aCN@b110000 | |
| 105 | @aa az 000yy | |
| 106 | @ar | |
| 200 | 1 | @a致密砂岩储层描述与地质建模技术@Azhi mi sha yan chu ceng miao shu yu di zhi jian mo ji shu@f张云峰等著 |
| 210 | @a北京@c科学出版社@d2020.05 | |
| 215 | @a219页@c图@d26cm | |
| 225 | 2 | @a非常规油气开发地质建模与数值模拟丛书@Afei chang gui you qi kai fa di zhi jian mo yu shu zhi mo ni cong shu |
| 320 | @a有书目(第217-219页) | |
| 330 | @a本书系统介绍了致密砂岩储层描述与地质建模技术。以准噶尔盆地吉木萨尔凹陷芦草沟组、松辽盆地北部齐家凹陷高台子油层、松辽盆地南部大安凹陷扶余油层为主要研究对象,分析了源内咸化湖泊相、源上三角洲相和源下河流相致密砂岩储层成因机制与分布模式,在此基础上应用致密砂岩储层精细描述与建模技术,揭示了致密砂岩储层微纳米级孔隙类型、结构形态特征,应用实例介绍了致密砂岩储层天然裂缝和不同压裂模式下人工裂缝识别与评价技术、优质储层识别与预测技术及非常规储层地质建模关键技术。 | |
| 461 | 0 | @12001 @a非常规油气开发地质建模与数值模拟丛书 |
| 606 | 0 | @a致密砂岩@Azhi mi sha yan@x砂岩储集层@x地质模型 |
| 690 | @aP588.21@v5 | |
| 701 | 0 | @a张云峰@AZhang Yun Feng@4著 |
| 801 | 0 | @aCN@bBJSZM@c20201103 |
| 905 | @b1213619-20@dP588.21@e157@f2 | |
| 致密砂岩储层描述与地质建模技术/张云峰等著.-北京:科学出版社,2020.05 |
| 219页:图;26cm.-(非常规油气开发地质建模与数值模拟丛书) |
| ISBN 978-7-03-051180-5(精装):CNY198.00 |
| 本书系统介绍了致密砂岩储层描述与地质建模技术。以准噶尔盆地吉木萨尔凹陷芦草沟组、松辽盆地北部齐家凹陷高台子油层、松辽盆地南部大安凹陷扶余油层为主要研究对象,分析了源内咸化湖泊相、源上三角洲相和源下河流相致密砂岩储层成因机制与分布模式,在此基础上应用致密砂岩储层精细描述与建模技术,揭示了致密砂岩储层微纳米级孔隙类型、结构形态特征,应用实例介绍了致密砂岩储层天然裂缝和不同压裂模式下人工裂缝识别与评价技术、优质储层识别与预测技术及非常规储层地质建模关键技术。 |
| ● |
| 相关链接 |
|
|
|
|
正题名:致密砂岩储层描述与地质建模技术
索取号:P588.21/157
 
预约/预借
| 序号 | 登录号 | 条形码 | 馆藏地/架位号 | 状态 | 备注 |
| 1 | 1213619 | 212136197 | 第二样本阅览室/ [索取号:P588.21/157] | 在馆 | |
| 2 | 1213620 | 212136204 | 第三借阅区/ [索取号:P588.21/157] | 在馆 |